| 000 | 01762ntaaa2200421 4500 | ||
|---|---|---|---|
| 003 | 01 | ||
| 005 | 20251027203327.0 | ||
| 008 | 0714s1973 ag 01 | ||
| 020 | _a9789874557612 | ||
| 040 |
_aAR-BaBN _bspa _cAR-BaBN _eaacr _dRIC |
||
| 082 | _a620.2 Ar3 | ||
| 100 |
_aArena, Marcelo Sebastián _936825 |
||
| 245 |
_aEl sonido en la iglesia / _cMarcelo Sebastián Arena, presentación de E. Ezequiel Parravicini, Juan Pablo Sosa, Sebastián Golluscio |
||
| 250 | _a1a reimpr. | ||
| 260 |
_aLa Plata : _bEds. VS, _cc2014 |
||
| 300 |
_a128 p. ; _cil. byn ; 20 cm. |
||
| 500 | _aSubtítulo: Soluciones prácticas para sonidistas, músicos y directores de culto. Herramientas para optimizar la calidad sonora en nuestros templos | ||
| 500 | _aEd. de: Iglesia Evangélica Bautista Vida Sobrenatural | ||
| 500 | _aIncluye reseña biográfica del autor | ||
| 505 | _tCap. 1. Características del sonido | ||
| 505 | _tCap. 2. Normas legales vigentes | ||
| 505 | _tCap. 3. Cualidades acústicas | ||
| 505 | _tCap. 4. La Biblia y el sonido | ||
| 505 | _tCap. 5. Sistemas de sonido en la iglesia | ||
| 505 | _tCap. 6. La guerra del volumen | ||
| 505 | _tCap. 7. El negocio del sonido | ||
| 505 | _tCap. 8. Conceptos de mezcla | ||
| 505 | _tCap. 9. La función del sonidista cristiano | ||
| 505 | _tCap. 10. El partido del domingo: Directores vs. músicos vs. sonidistas | ||
| 505 | _tCap. 11. Buscando la excelencia | ||
| 505 | _tCap. 12. Trabajo en equipo | ||
| 650 |
_aACUSTICA _936826 |
||
| 700 |
_aParravicini, E. Ezequiel _epresentación _936827 |
||
| 700 |
_aSosa, Juan Pablo _eprologuista _936828 |
||
| 700 |
_aGolluscio, Sebastián _eprologuista _932574 |
||
| 700 |
_aAcuña de Privitera, Liliana _eprologuista _936829 |
||
| 942 | _cBK | ||
| 999 |
_c28795 _d28795 |
||